Statistics for NFL Quarterbacks with 40,000+ Career PassingYards

Click here to take the quiz!

General Stats

  • This quiz has been taken 56 times
  • The average score is 17 of 23

Answer Stats

Career Passing YardsTeamsAnswer% Correct
89,214NE, TBTom Brady
100%
64,088PITBen Roethlisberger
98%
57,023NYGEli Manning
98%
71,940IND, DENPeyton Manning
98%
59,055GB, NYJAaron Rodgers
95%
80,358SD, NODrew Brees
95%
56,047DET, LARMatthew Stafford
95%
62,792ATL, INDMatt Ryan
93%
63,440SD, INDPhillip Rivers
91%
71,838ATL, GB, NYJ, MINBrett Favre
89%
61,361MIADan Marino
86%
43,653SEA, DENRussel Wilson
86%
40,551SF, KCJoe Montana
84%
51,475DENJohn Elway
84%
43,936BAL, DEN, NYJ, CLEJoe Flacco
82%
46,247CIN, OAK, ARICarson Palmer
59%
44,611NE, BUF, DALDrew Bledsoe
52%
47,003MIN, NYGFran Tarkenton
52%
49,325HOU, MIN, SEA, KANWarren Moon
45%
40,239BAL, SDJohnny Unitas
41%
46,233TB, CLE, BAL, NYJ, DAL, NE, CARVinny Testaverde
36%
43,040SDDan Fouts
34%
40,922CAR, NO, NYG, OAK, TEN, INDKerry Collins
30%

Score Distribution

Percentile by Number Answered

Percent of People with Each Score

Your Score History

You have not taken this quiz